| 000 -CABECERA |
| Campo de control de longitud fija |
00545nam a22001577a 4500 |
| 005 - FECHA Y HORA DE LA ÚLTIMA TRANSACCIÓN |
| Campo de control |
20211124132905.0 |
| 008 - CAMPO FIJO DE DESCRIPCIÓN FIJA--INFORMACIÓN GENERAL |
| Campo de control de longitud fija |
211124b ||||| |||| 00| 0 eng d |
| 020 ## - ISBN (INTERNATIONAL STANDARD BOOK NUMBER) |
| ISBN |
9788476806487 |
| 040 ## - FUENTE DE CATALOGACIÓN |
| Agencia de catalogación original |
CDMR |
| 100 ## - ENCABEZAMIENTO PRINCIPAL--NOMBRE PERSONAL |
| 9 (RLIN) |
4737 |
| Nombre de persona |
Pascual Carballo, Alberto |
| 245 ## - MENCIÓN DE TÍTULO |
| Título |
Humor gráfico galego: |
| Parte restante del título |
da transición ao século XXI : Can sen Dono, XO!, Sapoconcho |
| Mención de responsabilidad, etc. |
/ Alberto Pascual Carballo |
| 260 ## - PUBLICACIÓN, DISTRIBUCIÓN, ETC (PIE DE IMPRENTA) |
| Lugar de publicación, distribución, etc. |
Vigo: |
| Nombre del editor, distribuidor, etc. |
Ir indo, |
| Fecha de publicación, distribución, etc. |
DL 2009 |
| 300 ## - DESCRIPCIÓN FÍSICA |
| Extensión |
486 pàgines |
| Otros detalles físicos |
: il·lustrat; |
| Dimensiones |
32 cm |
| 650 #0 - ASIENTO SECUNDARIO DE MATERIA--TÉRMINO DE MATERIA |
| 9 (RLIN) |
3162 |
| Nombre de materia o nombre geográfico como elemento de entrada |
Humorisme gràfic |
| Subdivisión geográfica |
Galícia |
| Subdivisión general |
Història |
| 942 ## - ELEMENTOS KOHA |
| Fuente de clasificación o esquema de ordenación en estanterías |
|
| Koha tipo de item |
Monografies |